| 000 | 00899cab a2200253 4500 | ||
|---|---|---|---|
| 001 | ABS56543 | ||
| 008 | 090401t1997 xxu||||| |||| 00| 0 eng d | ||
| 035 | _a(Sirsi) u24410 | ||
| 041 | _aeng | ||
| 100 | _aHatush, Z. | ||
| 245 | _aCriteria for contractor selection | ||
| 260 | _c1997 | ||
| 350 | _a0 | ||
| 490 |
_aConstruction Management & Economics _v15(1) January 1997, 9-38(20) |
||
| 520 | _aReviews the different information, assessment and evaluation strategies used by procurers when considering contractors at prequalification and bid stage. Reports on the findings of a literature review and interview study into the most common selection criteria. References. | ||
| 650 | _aCONTRACTORS | ||
| 650 | _aSELECTION CRITERIA | ||
| 650 | _aTENDER EVALUATION | ||
| 650 | _aTENDERING | ||
| 690 | _aBUILT ENVIRONMENT | ||
| 700 | _aSkitmore, M. | ||
| 942 | _n0 | ||
| 948 | _c04/03/1997 | ||
| 999 |
_c16367 _d16367 |
||